|
|
|
|
| LEADER |
00000nam a22000007a 4500 |
| 005 |
20130118140626.0 |
| 007 |
cr|||| |||| |
| 008 |
130118e2012 sp |||||s|||| 00||0 spa d |
| 020 |
|
|
|a 978-84-15000-67-9
|
| 035 |
|
|
|a 6894
|
| 040 |
|
|
|a vLex
|
| 090 |
|
|
|c 3552
|d 3552
|
| 100 |
1 |
0 |
|a Toscani Gimňez, Daniel
|
| 245 |
1 |
3 |
|a La movilidad geogrf̀ica y funcional y la reduccin̤ de jornada tras la reforma laboral de 2012
|b Procedimientos especf̕icos
|h [Recurso electrn̤ico]
|
| 256 |
|
|
|a Servicio en ln̕ea
|
| 260 |
|
|
|a Albacete :
|b Bomarzo,
|c 2012
|
| 300 |
|
|
|a 1 Recurso electrn̤ico
|
| 650 |
0 |
4 |
|a Derecho laboral y Seguridad Social
|z Espaą
|
| 650 |
0 |
4 |
|a Movilidad laboral
|z Espaą
|
| 740 |
|
|
|a vLex Libros (Servicio en ln̕ea)
|
| 856 |
|
|
|a Acceso restringido
|u http://www.vlex.com/source/6894
|
| 942 |
|
|
|c BOOK
|
| 999 |
|
0 |
|a Labor laws and legislation
|